000 00831nam a22002297a 4500
005 20100522155525.0
008 100522t xxu||||| |||| 00| 0 eng d
010 _aENG-96150
020 _a817524576x
_c600.00
020 _a9788175245761
_c600.00
035 _aEN-79683
037 _bDBAD/PUB
040 _aDPL
_bEng
082 _a796.32307
100 _aTyagi, Arun Kumar
_920128
245 _aBasketball :
_cby Arun Kumar Tyagi
_bskills & rules /
260 _aNew Delhi
_bKhel Sahitya Kendra
_c2010
270 _a7/26, Ansari Road, Darya Ganj,
_bNew Delhi
_e110002
300 _a321p.:
_c23cm (Hb)
_bill.
942 _2ddc
_cEN
_mTYA
_h796.32307
999 _c36288
_d36288